LIBRARY & INFORMATION CENTRE, KCAET, TAVANUR

ONLINE PUBLIC ACCESS CATALOGUE (OPAC)

Tesxtbook of surveying and levelling (Record no. 17388)

MARC details
000 -LEADER
fixed length control field 00265nam a22001097a 4500
003 - CONTROL NUMBER IDENTIFIER
control field OSt
008 - FIXED-LENGTH DATA ELEMENTS--GENERAL INFORMATION
fixed length control field 210810b ||||| |||| 00| 0 eng d
082 ## - DEWEY DECIMAL CLASSIFICATION NUMBER
Classification number 624.1517
Item number DES/TE
100 ## - MAIN ENTRY--AUTHOR NAME
Personal name Deshpande R S
245 ## - TITLE STATEMENT
Title Tesxtbook of surveying and levelling
942 ## - ADDED ENTRY ELEMENTS (KOHA)
Koha item type Books
Holdings
Withdrawn status Lost status Damaged status Home library Current library Date acquired Full call number Accession Number Koha item type
Withdrawn   Damaged KAUAET KAUAET 10/08/2021 624.1517 DES/TE 11315 Books
free website counter